| 000 | 00705nam a22002538a 4500 | ||
|---|---|---|---|
| 001 | 013499445 | ||
| 003 | Uk | ||
| 005 | 20121030095320.0 | ||
| 008 | 051222s2006 enk 000 0 eng | ||
| 020 | _a0071254242 (pbk.) : | ||
| 020 | _a9780071254243 | ||
| 082 | 0 | 4 |
_a658.406 _222 _bJIC |
| 100 | 1 |
_aJick, Todd, _d1949- _930974 |
|
| 245 | 1 | 0 |
_aManaging Change : _bText and Cases / _cTodd Jick and Maury Peiperl. |
| 250 | _a3rd ed. | ||
| 260 |
_aLondon : _bMcGraw-Hill, _c2006. |
||
| 263 | _a200609 | ||
| 300 | _a1 v. | ||
| 500 | _aPrevious ed.: 2003. | ||
| 650 | 0 |
_aOrganizational change _vCase studies. _930975 |
|
| 653 |
_bBus _cSeptember2012 |
||
| 700 | 1 |
_aPeiperl, Maury. _930976 |
|
| 942 |
_2ddc _cBB |
||
| 999 |
_c17028 _d17000 |
||